Investigación integral de mercados: un enfoque operativo
Guardat en:
| Autors principals: | , |
|---|---|
| Format: | Llibre |
| Idioma: | espanyol |
| Publicat: |
Bogotá
McGraw-Hill
1994
|
| Edició: | 1a. ed |
| Matèries: | |
| Etiquetes: |
Afegir etiqueta
Sense etiquetes, Sigues el primer a etiquetar aquest registre!
|
MARC
| LEADER | 00000cam a2200000 a 4500 | ||
|---|---|---|---|
| 001 | UCD8989 | ||
| 003 | CL-VaPUC | ||
| 008 | 170527e19940700ck |||||||||||||||||spa|d | ||
| 020 | |a 9586002292 | ||
| 082 | 0 | 4 | |a 658.8 |b JAN |2 21 |
| 100 | |a Jany Castro, José Nicolás |e author |9 592630 | ||
| 700 | 0 | |a Rosero Hinestroza, Roberto |e author |9 592631 | |
| 245 | 1 | 0 | |a Investigación integral de mercados: un enfoque operativo |
| 250 | |a 1a. ed | ||
| 300 | |a 262 p | ||
| 942 | |c BK | ||
| 945 | |d 20170527 00:32:00 |a arojas | ||
| 260 | |a Bogotá |b McGraw-Hill |c 1994 | ||
| 650 | 0 | |a Investigación de mercado |9 332310 | |
| 650 | 0 | |a Marketing |9 259324 | |
| 650 | 0 | |a Métodos de investigación |9 262618 | |
| 650 | 0 | |a Mercados |9 338624 | |
| 583 | |a last modification |c 20170527 00:32:00 |k Rodrigo Vera | ||
| 999 | |c 368294 |d 368292 | ||